[Event "Rome City op 5th"]
[Site "Rome"]
[Date "2023.12.05"]
[Round "3"]
[White "Cina`, Vittorio"]
[Black "Petrov, Nikita"]
[Result "0-1"]
[WhiteElo "2262"]
[BlackElo "2561"]
[PlyCount "138"]
[EventDate "2023.12.04"]
[EventType "swiss"]
[EventRounds "9"]
[EventCountry "ITA"]
[SourceTitle "CB50_2023"]
[SourceDate "2023.12.13"]
[SourceVersion "1"]
[SourceVersionDate "2023.12.13"]
[SourceQuality "1"]

1. Nf3 d5 2. g3 c6 3. Bg2 Bg4 4. 0-0 e6 5. d4 Nf6 6. Nbd2 Nbd7 7. Re1 Be7 8. e4 h6 9. c3 0-0 10. a4 a5 11. Qb3 b6 12. exd5 cxd5 13. Nf1 Bf5 14. Bf4 Rc8 15. h3 Ne4 16. Rac1 Bh7 17. c4 Bb4 18. Red1 dxc4 19. Rxc4 Rxc4 20. Qxc4 Qe7 21. Qc6 Nef6 22. Ne5 Rd8 23. Nc4 Nd5 24. Bd6 Bxd6 25. Qxd6 Qxd6 26. Nxd6 Bc2 27. Ra1 N7f6 28. Nc4 Bd3 29. Nfd2 Rc8 30. Bf1 Bxf1 31. Kxf1 Ne4 32. Ke1 Nxd2 33. Nxd2 Nb4 34. Ke2 Nc2 35. Rc1 Nxd4+ 36. Kd1 Rd8 37. Ke1 Rd5 38. Rc8+ Kh7 39. Rb8 Rc5 40. Kd1 Rd5 41. Ke1 Rc5 42. Kd1 Rc6 43. Rd8 e5 44. Ne4 Ne6 45. Rd6 Rc4 46. Nc3 Rb4 47. Kc2 g5 48. Rd7 Kg7 49. Nd5 Rc4+ 50. Kb1 Rxa4 51. Nxb6 Rb4 52. Nc8 Nc5 53. Rd5 Ne4 54. Rxe5 Nxf2 55. Rxa5 Nxh3 56. Ne7 Nf2 57. Kc2 Rb7 58. Nf5+ Kg6 59. Ne3 h5 60. Ra6+ f6 61. Nd5 Ne4 62. b4 Kf5 63. Kd3 Nxg3 64. Rxf6+ Ke5 65. Rg6 Ne4 66. Nc3 Kf5 67. Rh6 Rd7+ 68. Kc4 Rc7+ 69. Kd4 Nxc3 0-1

[Event "Titled Tuesday intern op 29th Aug Late"]
[Site "Chess.com INT"]
[Date "2023.08.29"]
[Round "1"]
[White "Cina`, Vittorio"]
[Black "Atanasov, Anthony"]
[Result "0-1"]
[WhiteElo "2133"]
[BlackElo "2385"]
[PlyCount "60"]
[EventDate "2023.08.29"]
[EventType "swiss (blitz)"]
[EventRounds "11"]
[EventCountry "USA"]
[SourceTitle "EXT 2024"]
[Source "ChessBase"]
[SourceDate "2023.10.10"]
[SourceVersion "1"]
[SourceVersionDate "2023.10.10"]
[SourceQuality "1"]

1. Nf3 d5 2. g3 Bf5 3. Bg2 e6 4. 0-0 Nf6 5. c4 c6 6. cxd5 cxd5 7. d3 Nc6 8. Nc3 Be7 9. Qb3 Qb6 10. Qxb6 axb6 11. Be3 Nd7 12. Nd4 Bg6 13. f4 Bc5 14. Nc2 Bxe3+ 15. Nxe3 d4 16. Nb5 dxe3 17. Nc7+ Ke7 18. Nxa8 Rxa8 19. Rfc1 Nd4 20. Kf1 Nc5 21. b4 Nxd3 22. exd3 Bxd3+ 23. Ke1 Nc2+ 24. Rxc2 Bxc2 25. a3 Rd8 26. Bxb7 Rd2 27. h4 Bd3 28. Rd1 Re2+ 29. Kf1 Rf2+ 30. Kg1 e2 0-1

[Event "Spilimbergo op 21st"]
[Site "Spilimbergo"]
[Date "2023.08.10"]
[Round "3"]
[White "Cina`, Vittorio"]
[Black "Bifulco, Michel"]
[Result "1-0"]
[WhiteElo "2133"]
[BlackElo "2288"]
[PlyCount "141"]
[EventDate "2023.08.09"]
[EventType "swiss"]
[EventRounds "9"]
[EventCountry "ITA"]
[SourceTitle "CBM 215 Extra"]
[Source "ChessBase"]
[SourceDate "2023.09.30"]
[SourceVersion "1"]
[SourceVersionDate "2023.09.30"]
[SourceQuality "1"]

1. Nf3 d5 2. g3 g6 3. Bg2 Bg7 4. 0-0 e5 5. d3 Ne7 6. e4 0-0 7. c3 Nbc6 8. b4 a6 9. Qc2 h6 10. Nbd2 Be6 11. Nb3 b6 12. Bb2 Qd7 13. a4 Bh3 14. b5 Bxg2 15. Kxg2 Na5 16. Nxa5 bxa5 17. c4 d4 18. Ba3 Rfe8 19. Bxe7 Rxe7 20. Rab1 Re6 21. bxa6 Bf8 22. c5 Qe7 23. Rfc1 Rexa6 24. Qc4 Kg7 25. Qd5 f6 26. Rb7 h5 27. h4 Rd8 28. Qc4 Rda8 29. Rcb1 Rc6 30. R1b5 Rc8 31. Qd5 Qe6 32. Qxe6 Rxe6 33. Nd2 Rc6 34. Nb3 f5 35. Nxa5 Rxc5 36. Rxc5 Bxc5 37. f3 Kf6 38. Rb5 Bd6 39. Nc4 Ke6 40. a5 Ra8 41. Kf2 Ra7 42. Rd5 Ra6 43. Ke2 fxe4 44. fxe4 Ra8 45. Kd1 Ra6 46. Kc2 Ra7 47. Rb5 c6 48. Rb6 Kd7 49. Rb1 Bc7 50. g4 c5 51. Rg1 hxg4 52. Rxg4 Ra6 53. Rg5 Re6 54. Kb3 Bd8 55. Rxg6 Rxg6 56. Nxe5+ Ke6 57. Nxg6 Bxa5 58. Kc4 Kf6 59. Nf4 Be1 60. Ng2 Bb4 61. Kd5 Ba3 62. Nf4 Bc1 63. Ne2 Ba3 64. Ng1 Kg6 65. Nf3 Kh5 66. e5 Kg4 67. e6 c4 68. Ne5+ Kxh4 69. Nxc4 Be7 70. Kxd4 Kg5 71. Ke4 1-0

[Event "Titled Tuesday intern op 01st Aug Late"]
[Site "Chess.com INT"]
[Date "2023.08.01"]
[Round "1"]
[White "Cina`, Vittorio"]
[Black "Tologontegin, Semetey"]
[Result "0-1"]
[WhiteElo "2133"]
[BlackElo "2368"]
[PlyCount "48"]
[EventDate "2023.08.01"]
[EventType "swiss (blitz)"]
[EventRounds "11"]
[EventCountry "USA"]
[SourceTitle "EXT 2024"]
[Source "ChessBase"]
[SourceDate "2023.10.10"]
[SourceVersion "1"]
[SourceVersionDate "2023.10.10"]
[SourceQuality "1"]

1. e4 c5 2. Nf3 Nc6 3. Bb5 d6 4. 0-0 Bd7 5. Re1 a6 6. Bf1 Nf6 7. h3 e5 8. c3 Be7 9. d4 0-0 10. Nbd2 b5 11. a4 Qb6 12. dxe5 Nxe5 13. Nxe5 dxe5 14. Nf3 Qc7 15. axb5 axb5 16. Rxa8 Rxa8 17. Bg5 c4 18. Nxe5 Qxe5 19. Bxf6 Qxf6 20. Qxd7 Bc5 21. Qd2 Rd8 22. Qe2 Qf4 23. e5 Rd2 24. Qf3 Bxf2+ 0-1

[Event "Titled Tuesday intern op 01st Aug Early"]
[Site "Chess.com INT"]
[Date "2023.08.01"]
[Round "5"]
[White "Garcia Almaguer, Juan Manuel"]
[Black "Cina`, Vittorio"]
[Result "1-0"]
[WhiteElo "2134"]
[BlackElo "2133"]
[PlyCount "79"]
[EventDate "2023.08.01"]
[EventType "swiss (blitz)"]
[EventRounds "11"]
[EventCountry "USA"]
[SourceTitle "EXT 2024"]
[Source "ChessBase"]
[SourceDate "2023.10.10"]
[SourceVersion "1"]
[SourceVersionDate "2023.10.10"]
[SourceQuality "1"]

1. e4 c5 2. Nf3 Nc6 3. d3 g6 4. g3 Bg7 5. Bg2 d6 6. 0-0 Nf6 7. Re1 0-0 8. a4 a6 9. Nc3 Rb8 10. Bg5 b5 11. axb5 axb5 12. Qd2 Re8 13. h3 Nd4 14. Bh6 Nxf3+ 15. Bxf3 Bxh3 16. e5 Nd7 17. Bxg7 Kxg7 18. Kh2 Be6 19. d4 cxd4 20. Qxd4 Nxe5 21. Rxe5 dxe5 22. Qxe5+ Kg8 23. Rd1 Qb6 24. Kg2 b4 25. Ne4 Rbd8 26. Rh1 Rd5 27. Qf4 Rf5 28. Qh6 Qd4 29. Qxh7+ Kf8 30. Qh8+ Qxh8 31. Rxh8+ Kg7 32. Rxe8 Bd5 33. Nd2 Bxf3+ 34. Nxf3 Rc5 35. Rxe7 Rxc2 36. b3 Rc3 37. Re3 Rc2 38. Ne5 f6 39. Nd3 Rc3 40. Nxb4 1-0

[Event "Titled Tuesday intern op 01st Aug Early"]
[Site "Chess.com INT"]
[Date "2023.08.01"]
[Round "8"]
[White "Goncharov, Vladimir"]
[Black "Cina`, Vittorio"]
[Result "1-0"]
[WhiteElo "2077"]
[BlackElo "2133"]
[PlyCount "83"]
[EventDate "2023.08.01"]
[EventType "swiss (blitz)"]
[EventRounds "11"]
[EventCountry "USA"]
[SourceTitle "EXT 2024"]
[Source "ChessBase"]
[SourceDate "2023.10.10"]
[SourceVersion "1"]
[SourceVersionDate "2023.10.10"]
[SourceQuality "1"]

1. d4 Nf6 2. c4 e6 3. Nc3 Bb4 4. e3 0-0 5. Bd3 c5 6. Nf3 b6 7. Bd2 Bb7 8. 0-0 cxd4 9. exd4 d5 10. Bg5 dxc4 11. Bxc4 Nbd7 12. Qe2 Be7 13. Ne5 Rc8 14. Rad1 Nd5 15. Bxd5 Bxd5 16. Nxd7 Bxg5 17. Nxf8 Bc4 18. Qh5 Bxf1 19. Nxh7 Bh6 20. Kxf1 Kxh7 21. Qxf7 Qh4 22. h3 Rd8 23. Qxe6 Rxd4 24. Rxd4 Qxd4 25. Qe4+ Qxe4 26. Nxe4 Kg6 27. g4 Bf4 28. Ke2 Kf7 29. Kf3 Be5 30. b3 Ke6 31. Ng5+ Kd5 32. h4 Kd4 33. Ne4 Kd3 34. g5 b5 35. g6 b4 36. h5 Kc2 37. Kg4 Kb2 38. Kf5 Bd4 39. h6 gxh6 40. Nf6 Kxa2 41. g7 Bxf6 42. Kxf6 1-0

[Event "Titled Tuesday intern op 01st Aug Late"]
[Site "Chess.com INT"]
[Date "2023.08.01"]
[Round "3"]
[White "Ortega Amarelle, Mariano"]
[Black "Cina`, Vittorio"]
[Result "1-0"]
[WhiteElo "2478"]
[BlackElo "2133"]
[PlyCount "29"]
[EventDate "2023.08.01"]
[EventType "swiss (blitz)"]
[EventRounds "11"]
[EventCountry "USA"]
[SourceTitle "EXT 2024"]
[Source "ChessBase"]
[SourceDate "2023.10.10"]
[SourceVersion "1"]
[SourceVersionDate "2023.10.10"]
[SourceQuality "1"]

1. Nf3 Nf6 2. b3 g6 3. Bb2 Bg7 4. g3 0-0 5. Bg2 d5 6. 0-0 c5 7. e3 b6 8. c4 Bb7 9. d3 dxc4 10. bxc4 Nc6 11. Qe2 Qc7 12. Nc3 a6 13. Nd5 Nxd5 14. cxd5 Bxb2 15. dxc6 1-0

[Event "Titled Tuesday intern op 01st Aug Early"]
[Site "Chess.com INT"]
[Date "2023.08.01"]
[Round "1"]
[White "Soham, Kamotra"]
[Black "Cina`, Vittorio"]
[Result "0-1"]
[WhiteElo "2381"]
[BlackElo "2133"]
[PlyCount "94"]
[EventDate "2023.08.01"]
[EventType "swiss (blitz)"]
[EventRounds "11"]
[EventCountry "USA"]
[SourceTitle "EXT 2024"]
[Source "ChessBase"]
[SourceDate "2023.10.10"]
[SourceVersion "1"]
[SourceVersionDate "2023.10.10"]
[SourceQuality "1"]

1. b3 Nf6 2. Bb2 g6 3. Bxf6 exf6 4. c4 d5 5. cxd5 Qxd5 6. Nc3 Qa5 7. g3 Ba3 8. Qc2 Bf5 9. e4 Be6 10. Bg2 Nc6 11. Nge2 Rd8 12. d4 Rxd4 13. Nxd4 Nxd4 14. Qd3 Bb4 15. Rc1 Nb5 16. 0-0 Nxc3 17. a3 Qxa3 18. Rxc3 Bxc3 19. Qxc3 0-0 20. Qxf6 Qxb3 21. h4 h5 22. Qe7 Qb6 23. Bf3 Bg4 24. Bxg4 hxg4 25. Rd1 Qe6 26. Qxc7 Qxe4 27. Rd7 b5 28. Qxa7 Qf3 29. h5 Re8 30. Qa1 gxh5 31. Rd4 Qf5 32. Rf4 Qg6 33. Qf1 Re6 34. Qxb5 Kg7 35. Kh2 Kh7 36. Qb2 f6 37. Qb3 Re7 38. Qb6 Rf7 39. Qe6 Kg7 40. Rf5 Qh6 41. Rd5 h4 42. Kg2 hxg3 43. Qxg4+ Qg6 44. Qxg3 Qxg3+ 45. Kxg3 Kg6 46. Kf4 f5 47. Rd6+ Rf6 0-1

[Event "Titled Tuesday intern op 25th Jul Early"]
[Site "Chess.com INT"]
[Date "2023.07.25"]
[Round "4"]
[White "Kopczynski, Michal"]
[Black "Cina`, Vittorio"]
[Result "1-0"]
[WhiteElo "2225"]
[BlackElo "2133"]
[PlyCount "59"]
[EventDate "2023.07.25"]
[EventType "swiss (blitz)"]
[EventRounds "11"]
[EventCountry "USA"]
[SourceTitle "EXT 2024"]
[Source "ChessBase"]
[SourceDate "2023.10.10"]
[SourceVersion "1"]
[SourceVersionDate "2023.10.10"]
[SourceQuality "1"]

1. e4 c5 2. d4 cxd4 3. c3 dxc3 4. Nxc3 Nc6 5. f4 e6 6. Nf3 Bc5 7. Bd3 Nge7 8. e5 d6 9. Ne4 Bb4+ 10. Bd2 dxe5 11. Bxb4 Nxb4 12. Bb5+ Nec6 13. Nd6+ Ke7 14. fxe5 f6 15. 0-0 Qb6+ 16. Kh1 Rd8 17. a4 Nxe5 18. Nxc8+ Raxc8 19. Qb3 Nbc6 20. a5 Qc5 21. Rac1 Nd4 22. Qe3 Qxb5 23. Nxd4 Qxb2 24. Rxc8 Rxc8 25. h3 Qc3 26. Qe4 Qc7 27. Qxh7 Kf7 28. Qh5+ Ke7 29. Qh7 Kf8 30. Nxe6+ 1-0

[Event "Titled Tuesday intern op 25th Jul Early"]
[Site "Chess.com INT"]
[Date "2023.07.25"]
[Round "9"]
[White "Krishnan, Ritvik"]
[Black "Cina`, Vittorio"]
[Result "1-0"]
[WhiteElo "2037"]
[BlackElo "2133"]
[PlyCount "33"]
[EventDate "2023.07.25"]
[EventType "swiss (blitz)"]
[EventRounds "11"]
[EventCountry "USA"]
[SourceTitle "EXT 2024"]
[Source "ChessBase"]
[SourceDate "2023.10.10"]
[SourceVersion "1"]
[SourceVersionDate "2023.10.10"]
[SourceQuality "1"]

1. Nf3 Nf6 2. c4 e6 3. b3 a5 4. Bb2 a4 5. bxa4 d5 6. e3 Nbd7 7. cxd5 exd5 8. Be2 Nc5 9. Nc3 Bd7 10. 0-0 Nxa4 11. Nxa4 Rxa4 12. Qc2 Bd6 13. Ne5 0-0 14. Nxd7 Qxd7 15. Bxf6 gxf6 16. d4 c6 17. Qxa4 1-0

[Event "Titled Tuesday intern op 25th Jul Late"]
[Site "Chess.com INT"]
[Date "2023.07.25"]
[Round "3"]
[White "Nadanian, Ashot S"]
[Black "Cina`, Vittorio"]
[Result "1-0"]
[WhiteElo "2279"]
[BlackElo "2133"]
[PlyCount "61"]
[EventDate "2023.07.25"]
[EventType "swiss (blitz)"]
[EventRounds "11"]
[EventCountry "USA"]
[SourceTitle "EXT 2024"]
[Source "ChessBase"]
[SourceDate "2023.10.10"]
[SourceVersion "1"]
[SourceVersionDate "2023.10.10"]
[SourceQuality "1"]

1. d4 Nf6 2. c4 e6 3. Nc3 Bb4 4. Bd2 c5 5. e3 0-0 6. Nf3 b6 7. Bd3 Bb7 8. 0-0 Nc6 9. d5 Ne7 10. e4 Ng6 11. e5 Ng4 12. a3 Bxc3 13. Bxc3 exd5 14. cxd5 Nf4 15. h3 Nh6 16. Be4 d6 17. exd6 Re8 18. Be5 Ng6 19. Bxg6 hxg6 20. Qd3 Nf5 21. Rfe1 Nxd6 22. Rad1 Qd7 23. Qc3 f6 24. Bf4 Ne4 25. Qc4 Nd6 26. Qb3 Ba6 27. Re6 Nf7 28. Rde1 Bb7 29. d6 Bc6 30. Re7 Qd8 31. Qxf7+ 1-0

[Event "Titled Tuesday intern op 18th Jul Late"]
[Site "Chess.com INT"]
[Date "2023.07.18"]
[Round "6"]
[White "Cina`, Vittorio"]
[Black "Dyachuk, Artem"]
[Result "0-1"]
[WhiteElo "2133"]
[BlackElo "2261"]
[PlyCount "62"]
[EventDate "2023.07.18"]
[EventType "swiss (blitz)"]
[EventRounds "11"]
[EventCountry "USA"]
[SourceTitle "EXT 2024"]
[Source "ChessBase"]
[SourceDate "2023.10.10"]
[SourceVersion "1"]
[SourceVersionDate "2023.10.10"]
[SourceQuality "1"]

1. e4 c6 2. Nf3 d5 3. Nc3 Nf6 4. e5 Ne4 5. Ne2 e6 6. d3 Nc5 7. Ng3 Be7 8. Be2 0-0 9. h4 f6 10. exf6 Bxf6 11. d4 Ne4 12. Nxe4 dxe4 13. Ng5 Bxd4 14. Nxe4 Qa5+ 15. c3 Bb6 16. 0-0 Qd5 17. Qc2 Nd7 18. Bg5 h6 19. Rad1 Qf5 20. Be7 Rf7 21. Ba3 Ne5 22. Rd2 Ng6 23. Nd6 Bxf2+ 24. Kh1 Qf4 25. g4 Qg3 26. Rd3 Qxh4+ 27. Kg2 Nf4+ 28. Kf3 Qh3+ 29. Ke4 Nxd3 30. Nxf7 Qg2+ 31. Kxd3 Qd5# 0-1

[Event "Titled Tuesday intern op 18th Jul Early"]
[Site "Chess.com INT"]
[Date "2023.07.18"]
[Round "5"]
[White "Cina`, Vittorio"]
[Black "Morkunas, Gustas"]
[Result "0-1"]
[WhiteElo "2133"]
[BlackElo "2074"]
[PlyCount "90"]
[EventDate "2023.07.18"]
[EventType "swiss (blitz)"]
[EventRounds "11"]
[EventCountry "USA"]
[SourceTitle "EXT 2024"]
[Source "ChessBase"]
[SourceDate "2023.10.10"]
[SourceVersion "1"]
[SourceVersionDate "2023.10.10"]
[SourceQuality "1"]

1. e4 c5 2. Nf3 e6 3. b3 d5 4. exd5 exd5 5. Bb2 Nc6 6. Bb5 Qe7+ 7. Qe2 Qxe2+ 8. Bxe2 Bf5 9. Na3 0-0-0 10. 0-0-0 f6 11. d4 Nh6 12. h3 Nf7 13. Rhe1 Be4 14. g3 cxd4 15. Nxd4 Nxd4 16. Rxd4 Bc5 17. f3 Bxd4 18. Bxd4 Bf5 19. g4 Bd7 20. Bxa7 Rde8 21. Nb1 h5 22. Nc3 Bc6 23. Rg1 hxg4 24. Rxg4 g5 25. Bd4 Re6 26. Bd3 Nd6 27. f4 Rxh3 28. fxg5 fxg5 29. Rxg5 Ne4 30. Rg8+ Kd7 31. Ne2 Rf3 32. Rg7+ Re7 33. Rxe7+ Kxe7 34. Nc3 Ke6 35. a4 Kf5 36. Kb2 Kf4 37. Ne2+ Kg5 38. Nc3 Rh3 39. b4 Nxc3 40. Bxc3 Bxa4 41. Bd2+ Kf6 42. b5 Ke5 43. Ka3 Bxb5 44. Bc3+ d4 45. Bxb5 Rxc3+ 0-1

[Event "Titled Tuesday intern op 18th Jul Late"]
[Site "Chess.com INT"]
[Date "2023.07.18"]
[Round "8"]
[White "Cordova, Emilio"]
[Black "Cina`, Vittorio"]
[Result "1-0"]
[WhiteElo "2542"]
[BlackElo "2133"]
[PlyCount "25"]
[EventDate "2023.07.18"]
[EventType "swiss (blitz)"]
[EventRounds "11"]
[EventCountry "USA"]
[SourceTitle "EXT 2024"]
[Source "ChessBase"]
[SourceDate "2023.10.10"]
[SourceVersion "1"]
[SourceVersionDate "2023.10.10"]
[SourceQuality "1"]

1. d4 Nf6 2. Bg5 d5 3. e3 Nbd7 4. Nf3 g6 5. c4 c5 6. Nc3 cxd4 7. Qxd4 dxc4 8. Bxc4 Bg7 9. Rd1 0-0 10. 0-0 Qb6 11. Qh4 Qxb2 12. Na4 Qa3 13. Rd3 1-0

[Event "Titled Tuesday intern op 18th Jul Late"]
[Site "Chess.com INT"]
[Date "2023.07.18"]
[Round "11"]
[White "Oro, Faustino"]
[Black "Cina`, Vittorio"]
[Result "1-0"]
[WhiteElo "2316"]
[BlackElo "2133"]
[PlyCount "83"]
[EventDate "2023.07.18"]
[EventType "swiss (blitz)"]
[EventRounds "11"]
[EventCountry "USA"]
[SourceTitle "EXT 2024"]
[Source "ChessBase"]
[SourceDate "2023.10.10"]
[SourceVersion "1"]
[SourceVersionDate "2023.10.10"]
[SourceQuality "1"]

1. e4 c5 2. Nf3 Nc6 3. Bb5 d6 4. 0-0 Bd7 5. Re1 a6 6. Bf1 Bg4 7. c3 Nf6 8. h3 Bxf3 9. Qxf3 g6 10. d3 Bg7 11. Nd2 0-0 12. Qd1 b5 13. Nf3 b4 14. d4 bxc3 15. bxc3 Qa5 16. Bd2 Rfb8 17. Bc4 e6 18. Rc1 d5 19. exd5 exd5 20. Bd3 c4 21. Bb1 Rb2 22. Ne5 Nxe5 23. dxe5 Ne4 24. Bxe4 dxe4 25. Rxe4 Rd8 26. e6 fxe6 27. Qg4 Qf5 28. Be3 Qxg4 29. hxg4 Kf7 30. Rxc4 Rxa2 31. Rc7+ Kg8 32. c4 Rb2 33. c5 a5 34. c6 Rbb8 35. Rxg7+ Kxg7 36. c7 a4 37. cxd8Q Rxd8 38. Rc7+ Kg8 39. Ra7 Rd1+ 40. Kh2 Ra1 41. Bd4 Ra2 42. Rg7+ 1-0

[Event "Titled Tuesday intern op 18th Jul Early"]
[Site "Chess.com INT"]
[Date "2023.07.18"]
[Round "6"]
[White "Tqebuchava, Zurab"]
[Black "Cina`, Vittorio"]
[Result "1-0"]
[WhiteElo "2303"]
[BlackElo "2133"]
[PlyCount "109"]
[EventDate "2023.07.18"]
[EventType "swiss (blitz)"]
[EventRounds "11"]
[EventCountry "USA"]
[SourceTitle "EXT 2024"]
[Source "ChessBase"]
[SourceDate "2023.10.10"]
[SourceVersion "1"]
[SourceVersionDate "2023.10.10"]
[SourceQuality "1"]

1. e4 c5 2. Nf3 Nc6 3. Bb5 d6 4. Bxc6+ bxc6 5. h3 c4 6. 0-0 g6 7. d3 cxd3 8. Qxd3 Bg7 9. Nc3 Rb8 10. Re1 Qa5 11. Bd2 Ba6 12. Qe3 Qc7 13. b3 e6 14. Rad1 Ne7 15. e5 d5 16. Na4 Nf5 17. Qc3 0-0 18. Nc5 Bb7 19. Bf4 Ba8 20. Nd4 Nxd4 21. Qxd4 Rb5 22. b4 Rfb8 23. a3 a5 24. c3 Bf8 25. Nd3 c5 26. bxc5 Bxc5 27. Nxc5 Rxc5 28. Rd3 Rc4 29. Qe3 Rc8 30. Bg5 Rxc3 31. Bf6 Qc5 32. Rxc3 Qxc3 33. Qh6 Qxe1+ 34. Kh2 Qxe5+ 35. Bxe5 f6 36. Bxf6 Rc7 37. Be5 Rf7 38. Qg5 Bb7 39. Qd8+ Rf8 40. Qe7 Rf7 41. Qxe6 Ba6 42. Qxd5 Bc8 43. Qd8+ Rf8 44. Qg5 Be6 45. Qh6 Rf7 46. h4 Bd5 47. Qe3 Be6 48. Qc5 Bf5 49. Qd6 Rf8 50. Qd5+ Rf7 51. Qxa5 Re7 52. Qd5+ Kf8 53. Bd4 Ke8 54. Bc5 Rd7 55. Qg8# 1-0

[Event "Titled Tuesday intern op 11th Jul Early"]
[Site "Chess.com INT"]
[Date "2023.07.11"]
[Round "2"]
[White "Cina`, Vittorio"]
[Black "Novosel, Lovro"]
[Result "0-1"]
[WhiteElo "2133"]
[BlackElo "2398"]
[PlyCount "70"]
[EventDate "2023.07.11"]
[EventType "swiss (blitz)"]
[EventRounds "11"]
[EventCountry "USA"]
[SourceTitle "EXT 2024"]
[Source "ChessBase"]
[SourceDate "2023.10.10"]
[SourceVersion "1"]
[SourceVersionDate "2023.10.10"]
[SourceQuality "1"]

1. e4 c5 2. Nf3 d6 3. d4 cxd4 4. Nxd4 Nf6 5. Nc3 a6 6. Be3 e5 7. Nb3 Be6 8. Qf3 Be7 9. h3 0-0 10. g4 b5 11. 0-0-0 b4 12. Nd5 Bxd5 13. exd5 a5 14. g5 Nfd7 15. h4 a4 16. Nd2 Na6 17. Qe4 b3 18. axb3 axb3 19. Nxb3 Qc7 20. Bd3 g6 21. h5 Nac5 22. Nxc5 Nxc5 23. Bxc5 Qxc5 24. hxg6 Ra1+ 25. Kd2 Qxf2+ 26. Kc3 Rc8+ 27. Kb3 Rb8+ 28. Kc3 Qc5+ 29. Kd2 Qf2+ 30. Kc3 Rxd1 31. gxf7+ Kf8 32. Rxd1 Bxg5 33. b4 Qa7 34. Rf1 Qa3+ 35. Kc4 Rxb4# 0-1

[Event "Titled Tuesday intern op 11th Jul Early"]
[Site "Chess.com INT"]
[Date "2023.07.11"]
[Round "9"]
[White "Lehtosaari, Mauri"]
[Black "Cina`, Vittorio"]
[Result "1-0"]
[WhiteElo "2176"]
[BlackElo "2133"]
[PlyCount "85"]
[EventDate "2023.07.11"]
[EventType "swiss (blitz)"]
[EventRounds "11"]
[EventCountry "USA"]
[SourceTitle "EXT 2024"]
[Source "ChessBase"]
[SourceDate "2023.10.10"]
[SourceVersion "1"]
[SourceVersionDate "2023.10.10"]
[SourceQuality "1"]

1. d4 Nf6 2. Nf3 c5 3. e3 e6 4. Bd3 b6 5. 0-0 Bb7 6. b3 cxd4 7. Nxd4 Nc6 8. Bb2 Be7 9. c4 0-0 10. Nd2 d5 11. Nxc6 Bxc6 12. Qe2 Qc7 13. Rac1 a5 14. cxd5 Nxd5 15. Nf3 Qb7 16. Ne5 Be8 17. Rfd1 f6 18. Nc4 a4 19. Bd4 b5 20. Nd2 e5 21. Bc5 Rc8 22. Bxe7 Nxe7 23. f3 b4 24. Ne4 Qb6 25. Qf2 axb3 26. axb3 Bg6 27. Bc4+ Kh8 28. Nd6 Rcd8 29. Nb5 Qb7 30. e4 Bf7 31. Nd6 Rxd6 32. Rxd6 Bxc4 33. bxc4 b3 34. Rb1 Rc8 35. Rd3 Qb4 36. Rdxb3 Qxc4 37. h3 Qe6 38. Rb8 Ng6 39. Rxc8+ Qxc8 40. Rd1 Qg8 41. Qd2 h5 42. Qd8 Nf8 43. Qe8 1-0

[Event "Titled Tuesday intern op 04th Jul Late"]
[Site "Chess.com INT"]
[Date "2023.07.04"]
[Round "4"]
[White "Cina`, Vittorio"]
[Black "Micic, Aleksa"]
[Result "1-0"]
[WhiteElo "2133"]
[BlackElo "2235"]
[PlyCount "77"]
[EventDate "2023.07.04"]
[EventType "swiss (blitz)"]
[EventRounds "11"]
[EventCountry "USA"]
[SourceTitle "EXT 2024"]
[Source "ChessBase"]
[SourceDate "2023.10.10"]
[SourceVersion "1"]
[SourceVersionDate "2023.10.10"]
[SourceQuality "1"]

1. Nf3 Nf6 2. g3 g6 3. Bg2 Bg7 4. 0-0 0-0 5. d4 d5 6. c4 c6 7. cxd5 cxd5 8. Nc3 Ne4 9. Nxe4 dxe4 10. Ne5 Bf5 11. Bf4 Nc6 12. Nxc6 bxc6 13. e3 h5 14. Rc1 Qb6 15. Qc2 Rac8 16. b3 Qa5 17. a4 Qd5 18. Qc5 Qxb3 19. Qxa7 Qe6 20. Qc5 f6 21. h4 Rfd8 22. f3 Rd5 23. Qb6 exf3 24. Bxf3 Be4 25. Bxe4 Qxe4 26. Rxc6 Ra8 27. Re6 Qf5 28. Rxe7 Rxa4 29. Qb8+ Kh7 30. Qb7 Rd7 31. Rxd7 Qxd7 32. Qxd7 g5 33. hxg5 fxg5 34. Bxg5 Ra7 35. Qxa7 Kg6 36. Qc5 h4 37. Qf5+ Kh5 38. Bf6+ Kh6 39. Qg5+ 1-0

[Event "Titled Tuesday intern op 04th Jul Early"]
[Site "Chess.com INT"]
[Date "2023.07.04"]
[Round "5"]
[White "Cina`, Vittorio"]
[Black "Torres Dominguez, David"]
[Result "0-1"]
[WhiteElo "2133"]
[BlackElo "1976"]
[PlyCount "112"]
[EventDate "2023.07.04"]
[EventType "swiss (blitz)"]
[EventRounds "11"]
[EventCountry "USA"]
[SourceTitle "EXT 2024"]
[Source "ChessBase"]
[SourceDate "2023.10.10"]
[SourceVersion "1"]
[SourceVersionDate "2023.10.10"]
[SourceQuality "1"]

1. c4 e5 2. Nf3 Nc6 3. d4 e4 4. Nfd2 Nf6 5. e3 Bb4 6. Nc3 Bxc3 7. bxc3 d6 8. Ba3 b6 9. Be2 0-0 10. c5 bxc5 11. dxc5 d5 12. 0-0 Re8 13. Bb5 Bd7 14. Qa4 Ne5 15. c6 Bf5 16. Bc5 a6 17. Be2 Bg4 18. f3 exf3 19. gxf3 Bh3 20. Rfe1 Nh5 21. f4 Ng4 22. Bf3 Qh4 23. Re2 Nhf6 24. e4 dxe4 25. Nxe4 Nxe4 26. Rxe4 Rxe4 27. Qxe4 Nf6 28. Qe3 Re8 29. Qf2 Qxf4 30. Rd1 Bg4 31. Rd3 Bxf3 32. Rxf3 Qg5+ 33. Rg3 Qc1+ 34. Kg2 Qh6 35. Bd4 Ne4 36. Qe3 Qxe3 37. Rxe3 f5 38. Kf3 g6 39. Kf4 Kf7 40. Be5 Ke6 41. Bxc7 Kd5 42. Ba5 Kxc6 43. Rh3 h5 44. Rf3 Kc5 45. Rf1 Kc4 46. Rg1 Re6 47. Bb4 Nxc3 48. Rc1 Re4+ 49. Kg5 Kxb4 50. Kxg6 Rg4+ 51. Kxh5 Rg2 52. h4 Rh2 53. Kg5 Nxa2 54. Rb1+ Ka3 55. Kxf5 Rg2 56. h5 Nc3 0-1

[Event "Titled Tuesday intern op 04th Jul Late"]
[Site "Chess.com INT"]
[Date "2023.07.04"]
[Round "5"]
[White "Karas, Marek"]
[Black "Cina`, Vittorio"]
[Result "1-0"]
[WhiteElo "2227"]
[BlackElo "2133"]
[PlyCount "81"]
[EventDate "2023.07.04"]
[EventType "swiss (blitz)"]
[EventRounds "11"]
[EventCountry "USA"]
[SourceTitle "EXT 2024"]
[Source "ChessBase"]
[SourceDate "2023.10.10"]
[SourceVersion "1"]
[SourceVersionDate "2023.10.10"]
[SourceQuality "1"]

1. h4 d5 2. d4 Nf6 3. Bf4 c5 4. e3 Nc6 5. c3 Qb6 6. Qb3 c4 7. Qc2 Bf5 8. Qc1 e6 9. Nd2 Qd8 10. Ngf3 b5 11. a3 Bd6 12. g3 0-0 13. Bg2 a5 14. 0-0 Qe7 15. Ne5 Bxe5 16. Bxe5 Nxe5 17. dxe5 Nd7 18. f4 f6 19. exf6 Nxf6 20. Bf3 e5 21. Re1 Rae8 22. Nf1 Qc5 23. Kg2 exf4 24. exf4 d4 25. cxd4 Qxd4 26. Qd2 Bd3 27. Qf2 Qd7 28. Rxe8 Rxe8 29. Re1 Rxe1 30. Qxe1 Qd4 31. Qe6+ Kf8 32. Qc8+ Kf7 33. Qb7+ Kg6 34. Qxb5 Bxf1+ 35. Kxf1 Qd3+ 36. Kg2 Qd2+ 37. Kh3 Qf2 38. Bh5+ Nxh5 39. Qg5+ Kf7 40. Qxh5+ Kf8 41. Qf5+ 1-0